<?xml version="1.0" encoding="UTF-8"?>
<collection xmlns="http://www.loc.gov/MARC21/slim">
 <record>
  <leader>01098nab a2200181 i 4500</leader>
  <controlfield tag="001">misc41133</controlfield>
  <controlfield tag="005">20191106140703.0</controlfield>
  <controlfield tag="008">180709s2006    hu      o     0||   zxx d</controlfield>
  <datafield tag="022" ind1=" " ind2=" ">
   <subfield code="a">1215-5233</subfield>
  </datafield>
  <datafield tag="040" ind1=" " ind2=" ">
   <subfield code="a">SZTE Miscellanea Repozitórium</subfield>
   <subfield code="b">hun</subfield>
  </datafield>
  <datafield tag="041" ind1=" " ind2=" ">
   <subfield code="a">zxx</subfield>
  </datafield>
  <datafield tag="100" ind1="1" ind2=" ">
   <subfield code="a">Boros János</subfield>
  </datafield>
  <datafield tag="245" ind1="1" ind2="0">
   <subfield code="a">Többnyelvűség és demokrácia </subfield>
   <subfield code="h">[elektronikus dokumentum] :</subfield>
   <subfield code="b">programirat fordítóknak /</subfield>
   <subfield code="c"> Boros János</subfield>
  </datafield>
  <datafield tag="260" ind1=" " ind2=" ">
   <subfield code="c">2006</subfield>
  </datafield>
  <datafield tag="300" ind1=" " ind2=" ">
   <subfield code="a">59-64</subfield>
  </datafield>
  <datafield tag="490" ind1="0" ind2=" ">
   <subfield code="a">Iskolakultúra</subfield>
   <subfield code="v">16 No. 2</subfield>
  </datafield>
  <datafield tag="520" ind1="3" ind2=" ">
   <subfield code="a">Hogyan lehet egyik nyelvről a másikra a jelentést átvinni (egyáltalán lehetséges-e), több nyelvet vagy egy nyelvet beszélünk-e, képesek vagyunk-e a másik embert megérteni, egy feltételezett helyes fordítást vagy megértést hogyan tudunk igazolni? A fordítás, a többnyelvűség kérdései ma a filozófusokat, nyelvészeket, irodalomtudósokat, kulturális antropológusokat, kommunikációs szakembereket, valamint a politika tudósait és gyakorlóit egyaránt foglalkoztatják.</subfield>
  </datafield>
  <datafield tag="856" ind1="4" ind2="0">
   <subfield code="u">http://misc.bibl.u-szeged.hu/41133/1/EPA00011_iskolakultura_2006_02_059-064.pdf</subfield>
   <subfield code="z">Dokumentum-elérés </subfield>
  </datafield>
 </record>
</collection>
